El juez entre el derecho y la ley: estado de derecho y derecho del estado en el mundo hispánico, siglos XVI a XXI.
Salvato in:
| Autore principale: | |
|---|---|
| Natura: | Libro |
| Lingua: | inglese |
| Pubblicazione: |
Santiago, Chile:
Lexis Nexis,
2006.
|
| Edizione: | 1ª edición. |
| Soggetti: | |
| Tags: |
Aggiungi Tag
Nessun Tag, puoi essere il primo ad aggiungerne!!
|
MARC
| LEADER | 00000cam a2200000 a 4500 | ||
|---|---|---|---|
| 001 | UCG9074 | ||
| 003 | CL-VaPUC | ||
| 005 | 20220822114503.0 | ||
| 008 | 220614b2006 ||||| |||| 00| 0 eng d | ||
| 999 | |c 436007 |d 436005 | ||
| 020 | |a 956-238-632-5 | ||
| 040 | |c Pontificia Universidad Católica de Valparaíso | ||
| 082 | 0 | 4 | |a 347.01 BRA 2006 |2 21 |
| 100 | 0 | |a Bravo Lira, Bernardino |e autor |9 560458 | |
| 245 | 1 | 3 | |a El juez entre el derecho y la ley: estado de derecho y derecho del estado en el mundo hispánico, siglos XVI a XXI. |
| 250 | |a 1ª edición. | ||
| 260 | |a Santiago, Chile: |b Lexis Nexis, |c 2006. | ||
| 300 | |a 803 páginas | ||
| 500 | |a c.1 Donación Familia Prof. Alejandro Guzmán Brito. | ||
| 583 | |a last modification |c 20120120 10:38:00 |k Cristina María Rojas Aguilar | ||
| 650 | 0 | |a Jueces |9 256162 | |
| 650 | 0 | |a Poder judicial |9 254871 | |
| 650 | 0 | |a Estado de derecho |9 257795 | |
| 650 | 0 | |a Tribunales |9 254872 | |
| 942 | |c BK |2 ddc |n 0 | ||
| 952 | |0 0 |1 0 |2 ddc |4 0 |6 347_010000000000000_BRA_2006 |7 1 |8 C_AGB |9 583681 |a BIBDER |b BIBDER |d 2022-06-14 |e Donación |i 5651809 |l 1 |o 347.01 BRA 2006 |p 5651809 |r 2023-06-06 |s 2023-06-06 |t 1 |w 2022-06-14 |y BK_US |k AGB | ||